| 000 | 00460pab a2200157 454500 | ||
|---|---|---|---|
| 008 | 180718b2011 xxu||||| |||| 00| 0 eng d | ||
| 100 | _aBlack, Jerome H. | ||
| 245 | _aImmigrant and minority political incorporation in Canada: A review with some reflections on Canadian-American comparison | ||
| 260 | _c2011 | ||
| 300 | _ap.1160-1188. | ||
| 362 | _aSep | ||
| 650 | _aImmigrants | ||
| 773 | _aAmerican Behavioral Scientist | ||
| 908 | _aN | ||
| 909 | _a93752 | ||
| 999 |
_c93752 _d93752 |
||